| 000 | 00718nam a2200229Ia 4500 | ||
|---|---|---|---|
| 003 | OSt | ||
| 005 | 20260131162406.0 | ||
| 008 | 210423s2016 xx 000 0 und d | ||
| 020 | _a978-0-19-806919-5 | ||
| 040 | _cAL | ||
| 041 | _aEnglish | ||
| 082 |
_a620.028 _bPRAG |
||
| 100 |
_aRudra Pratap _993527 |
||
| 245 |
_aGetting started with MATLAB _b: quick introduction for scientists and engineers |
||
| 245 | 2 | _aA quick introduction for scientists and engineers | |
| 260 |
_aDelhi _bOxford University Press _c2016 |
||
| 300 |
_axiv, 272p. _bPB |
||
| 365 |
_b335 _cINR |
||
| 650 |
_aEngineering _993528 |
||
| 906 | _aenginees ; Getting ; introduction ; MATLAB ; quick ; scientists ; started | ||
| 942 |
_2ddc _cBK |
||
| 999 |
_c170258 _d170258 |
||